书目信息 |
| 题名: |
百万英镑
|
|
| 作者: | 马克·吐温 著 ;文楚安 , 高含菊 译 | |
| 分册: | ||
| 出版信息: | 桂林 漓江出版社 2008.08 |
|
| 页数: | 370页, [1] 叶图版 | |
| 开本: | 23cm | |
| 丛书名: | 马克·吐温文集 | |
| 单 册: | ||
| 中图分类: | I712.44 | |
| 科图分类: | ||
| 主题词: | 中短篇小说--zhong duan pian xiao shuo--美国--近代 | |
| 电子资源: | ||
| ISBN: | 978-7-5407-3989-8 | |
| 000 | 01045nam 2200277 450 | |
| 001 | 012009990846 | |
| 005 | 20090430115801.31 | |
| 010 | @a978-7-5407-3989-8@dCNY34.80 | |
| 100 | @a20090430d2008 em y0chi0120 ea | |
| 101 | 1 | @achi@ceng |
| 102 | @aCN@b450000 | |
| 105 | @aacf z 000ay | |
| 106 | @ar | |
| 200 | 1 | @a百万英镑@Abai wan ying bang@f(美) 马克·吐温著@F(mei)ma ke·tu wen zhu@g文楚安, 高含菊译@Gwen chu an,gao han ju yi |
| 210 | @a桂林@c漓江出版社@d2008.08 | |
| 215 | @a370页, [1] 叶图版@c图, 肖像@d23cm | |
| 225 | 2 | @a马克·吐温文集@Ama ke·tu wen wen ji |
| 330 | @a本书主要内容包括:火车上的吃人事件;田纳西的新闻界;大宗牛肉合同的事件始末;好孩子的故事;坏孩子的故事等内容。本丛书共有3本。 | |
| 410 | 0 | @12001 @a马克·吐温文集 |
| 606 | 0 | @a中短篇小说@Azhong duan pian xiao shuo@y美国@z近代 |
| 690 | @aI712.44@v4 | |
| 701 | 1 | @a马克·吐温@Ama ke·tu wen@g(Mark, Twain)@4著 |
| 702 | 0 | @a文楚安@Awen chu an@4译 |
| 702 | 0 | @a高含菊@Agao han ju@4译 |
| 801 | 0 | @aCN@bQSSK@c20090430 |
| 905 | @b741758-60@dI712.44@eM081@f3 | |
| 百万英镑/(美) 马克·吐温著/文楚安, 高含菊译.-桂林:漓江出版社,2008.08 |
| 370页, [1] 叶图版:图, 肖像;23cm.-(马克·吐温文集) |
| ISBN 978-7-5407-3989-8:CNY34.80 |
| 本书主要内容包括:火车上的吃人事件;田纳西的新闻界;大宗牛肉合同的事件始末;好孩子的故事;坏孩子的故事等内容。本丛书共有3本。 |
| ● |
| 相关链接 |
|
|
|
正题名:百万英镑
索取号:I712.44/M081
 
预约/预借
| 序号 | 登录号 | 条形码 | 馆藏地/架位号 | 状态 | 备注 |
| 1 | 741758 | 207417589 | 社科二线422/422社科库 25排4列1层/ [索取号:I712.44/M081] | 在馆 | |
| 2 | 741759 | 207417598 | 社科二线422/422社科库 10排1列4层/ [索取号:I712.44/M081] | 在馆 | |
| 3 | 741760 | 207417605 | 文学库116/116文学库 25排6列5层/ [索取号:I712.44/M081] | 在馆 |